<?xml version='1.0' encoding='UTF-8'?>
  <record xmlns="http://www.loc.gov/MARC21/slim">
    <leader>00000cam a2200000 i 4500</leader>
    <controlfield tag="001">on1567016843</controlfield>
    <controlfield tag="003">OCoLC</controlfield>
    <controlfield tag="005">20260115185646.6</controlfield>
    <controlfield tag="008">260108s1499    gw            000 0 lat d</controlfield>
    <datafield tag="040" ind1=" " ind2=" ">
      <subfield code="a">QGJ</subfield>
      <subfield code="b">eng</subfield>
      <subfield code="e">rda</subfield>
      <subfield code="e">dcrmr</subfield>
      <subfield code="c">QGJ</subfield>
      <subfield code="d">QGJ</subfield>
      <subfield code="d">OCLCO</subfield>
      <subfield code="d">QGJ</subfield>
      <subfield code="d">OCLCO</subfield>
    </datafield>
    <datafield tag="035" ind1=" " ind2=" ">
      <subfield code="a">(OCoLC)1567016843</subfield>
    </datafield>
    <datafield tag="100" ind1="0" ind2=" ">
      <subfield code="a">Albertus,</subfield>
      <subfield code="c">Magnus, Saint,</subfield>
      <subfield code="d">1193?-1280,</subfield>
      <subfield code="e">author.</subfield>
      <subfield code="4">aut</subfield>
      <subfield code="1">https://id.oclc.org/worldcat/entity/E39PCjGMRcMxpKBxFQkHTPYhgX</subfield>
    </datafield>
    <datafield tag="240" ind1="1" ind2="0">
      <subfield code="a">De muliere forti</subfield>
    </datafield>
    <datafield tag="245" ind1="1" ind2="0">
      <subfield code="a">Liber de muliere forti venerabilis domini Alberti magni. ordinis fratru[m] predicato[rum]. quo[n]da[m] episcopi. Ratisponen[sis] :</subfield>
      <subfield code="b">materias [con]tine[n]s frugiferas, varijs Sacre Scripture documentis fulcitas. predicatoribus Verbi Dei ac sancte contemplationis arcem diligentibus maxime proficuas.</subfield>
    </datafield>
    <datafield tag="246" ind1="1" ind2=" ">
      <subfield code="i">Title according to Alblas, J. Incunabelen Rijksuniversiteit te Utrecht:</subfield>
      <subfield code="a">Liber de muliere forti i.e. commentarius in ult. cap. Proverbiorum Salomonis</subfield>
    </datafield>
    <datafield tag="264" ind1=" " ind2="1">
      <subfield code="a">Colonie :</subfield>
      <subfield code="b">op[er]a atq[ue] impensis honesti viri Henrici Quentell,</subfield>
      <subfield code="c">Nonis maij. Anno domini Millesimo quadringentesimo nonagesimonono  [7 May 1499]</subfield>
    </datafield>
    <datafield tag="300" ind1=" " ind2=" ">
      <subfield code="a">[160] leaves</subfield>
      <subfield code="c">21 cm (4to)</subfield>
    </datafield>
    <datafield tag="336" ind1=" " ind2=" ">
      <subfield code="a">text</subfield>
      <subfield code="b">txt</subfield>
      <subfield code="2">rdacontent</subfield>
    </datafield>
    <datafield tag="337" ind1=" " ind2=" ">
      <subfield code="a">unmediated</subfield>
      <subfield code="b">n</subfield>
      <subfield code="2">rdamedia</subfield>
    </datafield>
    <datafield tag="338" ind1=" " ind2=" ">
      <subfield code="a">volume</subfield>
      <subfield code="b">nc</subfield>
      <subfield code="2">rdacarrier</subfield>
    </datafield>
    <datafield tag="340" ind1=" " ind2=" ">
      <subfield code="m">4to</subfield>
      <subfield code="2">rdabf</subfield>
    </datafield>
    <datafield tag="500" ind1=" " ind2=" ">
      <subfield code="a">Title from title page (leaf aa1 recto).</subfield>
    </datafield>
    <datafield tag="500" ind1=" " ind2=" ">
      <subfield code="a">Publication statement from colophon (leaf x5 verso), which reads: Explicit liber venerabilis d[omi]ni Alberti Magni ordinis predicato[rum] de muliere forti intitulatus. iam primu[m] in lucem prodiens. in quo [con]tinent[ur] alique metaphore sole[m]nissime omnibus verbi dei seminatorib[us] acco[m]modatissime Cui[us] si q[ui]s practicam habuerit. qua[n]te virtutis sit cognoscet. quia ad diuidendu[m] vna[m] auctoritate[m] no[n] est in aliquo opere alicuius doctoris modus nobilior. Impressus Colonie op[er]a atq[ue] impensis honesti viri Henrici Quentell ciuis euisdem. Nonis maij. Anno domini Millesimo quadringentesimo nonagesimonono</subfield>
    </datafield>
    <datafield tag="500" ind1=" " ind2=" ">
      <subfield code="a">On title page poem in eleagic distichs: Epigramma ad librum, with first two lines: Sis licet etherias liber emittendus in auras // Forsan &amp; ad doctos sepe habiturus iter</subfield>
    </datafield>
    <datafield tag="500" ind1=" " ind2=" ">
      <subfield code="a">Includes index (leaf aa1 verso-dd3 recto): Tabula libri. De muliere forti</subfield>
    </datafield>
    <datafield tag="500" ind1=" " ind2=" ">
      <subfield code="a">Leaves dd3 verso-dd4 verso contain two poems in elegiac distichs by Rudolf von Langen: Epitaphium in Albertum Magnum, with caption:  Illustris ac magnificus d[omi]n[u]s Rodolphus Langius ecclesie Monasteriensis canonicus. nulli hac tempestate in humanitatis arte secundus qui vel demostheni preripuit ne solus orator esset scripsit; and first two lines: [H]Actenus ingressus sacra hec subsiste viator // Ad tumulu[m] magni qui tegit ossa viri. And: Ad urbem Agrippinensem, with first two lines: Aurea que retines felix diademata regum // Agrippina rubens sanguine Gerionis</subfield>
    </datafield>
    <datafield tag="500" ind1=" " ind2=" ">
      <subfield code="a">Incipit main text (leaf a1 recto): Incipit liber domini Alberti magni ordinis predicatoru[m]. de muliere forti. In quo continentur alique materie solennissime p[ro] predicatoribus. Si e[ni]m habuerint huius libri practica[m]: cognoscent qua[n]te virtutis sit.</subfield>
    </datafield>
    <datafield tag="500" ind1=" " ind2=" ">
      <subfield code="a">Contains also (x6 recto-z4 recto): Orationes super evangelia dominicalia, with incipit: Incipiunt orationes uenerabilis doctoris Alberti magni ordinis fratru[m] p[re]dicato[rum] quondam ecclesie Ratispone[n]sis e[piscop]i. super eua[n]gelia d[omi]nicalia totius anni.</subfield>
    </datafield>
    <datafield tag="500" ind1=" " ind2=" ">
      <subfield code="a">Orationes super evangelia dominicalia wrongly attributed to Albert Magnus.</subfield>
    </datafield>
    <datafield tag="500" ind1=" " ind2=" ">
      <subfield code="a">Leaf z4 recto: poem in elegiac distichs, with first two lines: Cedite fallaces procul o procul este prophane // Circe Pasiphae Penthesilea Venus</subfield>
    </datafield>
    <datafield tag="500" ind1=" " ind2=" ">
      <subfield code="a">Leaf z4 verso: Albertus de muliere forti. There also exist copies without title of work on last leaf.</subfield>
    </datafield>
    <datafield tag="500" ind1=" " ind2=" ">
      <subfield code="a">Capital spaces, some with guide letters.</subfield>
    </datafield>
    <datafield tag="500" ind1=" " ind2=" ">
      <subfield code="a">Signatures:  aa-dd⁸/⁴ a-y⁸/⁴ z⁴; z4v is blank.</subfield>
    </datafield>
    <datafield tag="505" ind1="0" ind2="0">
      <subfield code="t">De muliere forti /</subfield>
      <subfield code="r">Albertus Magnus --</subfield>
      <subfield code="t">Epitaphium in Albertum Magnum /</subfield>
      <subfield code="r">Rudolphus Longius --</subfield>
      <subfield code="t">Ad urbem Agrippinensem /</subfield>
      <subfield code="r">Rudolphus Longius --</subfield>
      <subfield code="t">Orationes super evangelia dominicalia /</subfield>
      <subfield code="r">Pseudo-Albertus Magnus</subfield>
    </datafield>
    <datafield tag="510" ind1="4" ind2=" ">
      <subfield code="a">Incunabula short title catalogue (ISTC),</subfield>
      <subfield code="c">ia00286000</subfield>
      <subfield code="u">https://data.cerl.org/istc/ia00286000</subfield>
    </datafield>
    <datafield tag="510" ind1="4" ind2=" ">
      <subfield code="a">Gesamtkatalog der Wiegendrucke,</subfield>
      <subfield code="c">00699</subfield>
      <subfield code="u">https://www.gesamtkatalogderwiegendrucke.de/docs/GW00699.htm</subfield>
    </datafield>
    <datafield tag="510" ind1="4" ind2=" ">
      <subfield code="a">Incunabula in Dutch Libraries,</subfield>
      <subfield code="c">128</subfield>
    </datafield>
    <datafield tag="510" ind1="4" ind2=" ">
      <subfield code="a">Bayerische Staatsbibliothek Inkunabelkatalog,</subfield>
      <subfield code="c">A-169</subfield>
      <subfield code="u">https://inkunabeln.digitale-sammlungen.de/Ausgabe_A-169.html</subfield>
    </datafield>
    <datafield tag="510" ind1="4" ind2=" ">
      <subfield code="a">Typenrepertorium der Wiegendrucke,</subfield>
      <subfield code="c">ma00985</subfield>
      <subfield code="u">https://tw.staatsbibliothek-berlin.de/ma00985</subfield>
    </datafield>
    <datafield tag="510" ind1="4" ind2=" ">
      <subfield code="a">Typenrepertorium der Wiegendrucke,</subfield>
      <subfield code="c">ma04708</subfield>
      <subfield code="u">https://tw.staatsbibliothek-berlin.de/ma04708</subfield>
    </datafield>
    <datafield tag="510" ind1="4" ind2=" ">
      <subfield code="a">Typenrepertorium der Wiegendrucke,</subfield>
      <subfield code="c">ma02483</subfield>
      <subfield code="u">https://tw.staatsbibliothek-berlin.de/ma02483</subfield>
    </datafield>
    <datafield tag="510" ind1="4" ind2=" ">
      <subfield code="a">Typenrepertorium der Wiegendrucke,</subfield>
      <subfield code="c">ma03946</subfield>
      <subfield code="u">https://tw.staatsbibliothek-berlin.de/ma03946</subfield>
    </datafield>
    <datafield tag="510" ind1="4" ind2=" ">
      <subfield code="a">Typenrepertorium der Wiegendrucke,</subfield>
      <subfield code="c">ma04710</subfield>
      <subfield code="u">https://tw.staatsbibliothek-berlin.de/ma04710</subfield>
    </datafield>
    <datafield tag="546" ind1=" " ind2=" ">
      <subfield code="b">Typeface: 7:80G, 9:280G, 10:155G, 12:94R, 13:73R</subfield>
    </datafield>
    <datafield tag="630" ind1="0" ind2="0">
      <subfield code="a">Bible.</subfield>
      <subfield code="p">Proverbs, XXXI, 10-31</subfield>
      <subfield code="x">Criticism, interpretation, etc.</subfield>
      <subfield code="v">Early works to 1800.</subfield>
    </datafield>
    <datafield tag="650" ind1=" " ind2="0">
      <subfield code="a">Women in the Bible</subfield>
      <subfield code="v">Early works to 1800.</subfield>
    </datafield>
    <datafield tag="650" ind1=" " ind2="6">
      <subfield code="a">Femmes dans la Bible</subfield>
      <subfield code="v">Ouvrages avant 1800.</subfield>
    </datafield>
    <datafield tag="650" ind1=" " ind2="7">
      <subfield code="a">Women in the Bible</subfield>
      <subfield code="2">fast</subfield>
    </datafield>
    <datafield tag="650" ind1=" " ind2="7">
      <subfield code="a">Incunabula</subfield>
      <subfield code="2">fast</subfield>
    </datafield>
    <datafield tag="655" ind1=" " ind2="2">
      <subfield code="a">Incunabula</subfield>
    </datafield>
    <datafield tag="655" ind1=" " ind2="7">
      <subfield code="a">incunabula (books)</subfield>
      <subfield code="2">aat</subfield>
    </datafield>
    <datafield tag="655" ind1=" " ind2="7">
      <subfield code="a">Commentaries</subfield>
      <subfield code="2">fast</subfield>
    </datafield>
    <datafield tag="655" ind1=" " ind2="7">
      <subfield code="a">Incunables.</subfield>
      <subfield code="2">rvmgf</subfield>
    </datafield>
    <datafield tag="700" ind1="1" ind2=" ">
      <subfield code="a">Langen, Rudolf von,</subfield>
      <subfield code="d">1438-1519,</subfield>
      <subfield code="e">contributor.</subfield>
      <subfield code="4">ctb</subfield>
      <subfield code="1">https://id.oclc.org/worldcat/entity/E39PBJqQyDf7PMwTRkXFhYj6Kd</subfield>
    </datafield>
    <datafield tag="700" ind1="1" ind2=" ">
      <subfield code="a">Quentell, Heinrich,</subfield>
      <subfield code="d">-1501,</subfield>
      <subfield code="e">printer.</subfield>
      <subfield code="4">prt</subfield>
      <subfield code="1">https://id.oclc.org/worldcat/entity/E39PBJtCCdkFpW9DgjxCRqxdQq</subfield>
    </datafield>
    <datafield tag="752" ind1=" " ind2=" ">
      <subfield code="a">Germany</subfield>
      <subfield code="d">Cologne,</subfield>
      <subfield code="e">publication place.</subfield>
      <subfield code="4">pup</subfield>
    </datafield>
  </record>